000 00698nam a22002297a 4500
003 UA-OsUOA
001 92054
007 ta
008 20121210b un ||||| |||| 00| 0 ukr d
100 _aЯновський Ю. І.
090 _a821.161.2
_bЯ64
942 _cBK
040 _aUA-OsUOA
_bukr
_cUA-OsUOA
_dUA-OsUOA
245 _aТвори в п'яти томах
_bТ. 5
_cВірші. публіцистика. Роздуми про літературу. Листи
300 _a382 с.
955 _a3
041 _aukr
080 _a821.161.2
260 _aК.
_bДніпро
_c1983
650 7 _a82 Література. Літературознавство
_2UDC
999 _c378306
_d378306